| 000 | 00827nam a2200229 a 4500 | ||
|---|---|---|---|
| 001 | 18170 | ||
| 003 | BD-RJUL | ||
| 005 | 20211209000239.0 | ||
| 008 | 140219s19521824enk 001 0 eng d | ||
| 035 | _a(BD-RjUL)18228 | ||
| 040 |
_aBD-RjUL _beng _cBD-RjUL |
||
| 041 | _aeng | ||
| 082 |
_a821.04 _bGOL 1952 |
||
| 100 | 1 |
_aPalgrave, Francis Turner, _d1824-1897. _955352 |
|
| 245 | 1 | 4 |
_aThe golden treasury : _bselected from the best songs and lyrical poems in the English language / _carranged with notes by Francis T. Palgrave ; with a supplementary fifth book selected, arranged, and annotated by Laurence Binyon. |
| 250 | _a3rd ed. | ||
| 260 |
_aLondon : _bMacmillan, _c1952. |
||
| 300 |
_a524 p. ; _c16 cm. |
||
| 504 | _aIncludes index of first lines. | ||
| 700 | 1 |
_aBinyon, Laurence, _d1869-1943. _955949 |
|
| 942 |
_2ddc _cBK |
||
| 999 |
_c18170 _d18170 |
||